Leadership: (Record no. 16238)

MARC details
000 -LEADER
fixed length control field 01099 a2200301 4500
005 - DATE AND TIME OF LATEST TRANSACTION
control field 20080826152110.0
008 - FIXED-LENGTH DATA ELEMENTS--GENERAL INFORMATION
fixed length control field 080826t xxu||||| |||| 00| 0 eng d
010 ## - LCCN (DPL NO)
LC control number ENG-91138
020 ## - INTERNATIONAL STANDARD BOOK NUMBER
International Standard Book Number 9780070080713
Terms of availability 395.00
035 ## - SYSTEM CONTROL NUMBER
System control number EN-74671
037 ## - SOURCE OF ACQUISITION
Source of stock number/acquisition DBAD / PUB
040 ## - CATALOGING SOURCE
Original cataloging agency DPL
Language of cataloging English
082 ## - DEWEY DECIMAL CLASSIFICATION NUMBER
Classification number 658.4092
100 ## - MAIN ENTRY--PERSONAL NAME
Personal name Hughes, Richard L.
245 ## - TITLE STATEMENT
Title Leadership:
Statement of responsibility, etc by Richard L. Hughes, Robert C. Ginnett [and] Gordon J. Curphy
Remainder of title enhancing the lessons of experience /
250 ## - EDITION STATEMENT
Edition statement 6th ed
260 ## - PUBLICATION, DISTRIBUTION, ETC. (IMPRINT)
Place of publication, distribution, etc New Delhi
Name of publisher, distributor, etc Tata McGraw-Hill Publishing
Date of publication, distribution, etc 2008
270 ## - ADDRESS
Address 7 West Patel Nagar
City New Delhi
Postal code 110008
300 ## - PHYSICAL DESCRIPTION
Extent xvi, 591 p.:
Dimensions 24 cm (pbk)
Other physical details ill.
500 ## - GENERAL NOTE
General note includes index
650 ## - SUBJECT ADDED ENTRY--TOPICAL TERM
Topical term or geographic name as entry element Management
650 ## - SUBJECT ADDED ENTRY--TOPICAL TERM
Topical term or geographic name as entry element Leadership
650 ## - SUBJECT ADDED ENTRY--TOPICAL TERM
Topical term or geographic name as entry element Executive ability.
700 ## - ADDED ENTRY--PERSONAL NAME
Personal name Ginnett, Robert C.
700 ## - ADDED ENTRY--PERSONAL NAME
Personal name Curphy, Gordon J.
942 ## - ADDED ENTRY ELEMENTS (KOHA)
Institution code [OBSOLETE] dpl
Item type English Books
Source of classification or shelving scheme Dewey Decimal Classification
Classification part 658.4092
Call number suffix HUG
Holdings
Withdrawn status Lost status Source of classification or shelving scheme Damaged status Not for loan Collection code Home library Current library Date acquired Source of acquisition Cost, normal purchase price Total Checkouts Full call number Barcode Date last seen Copy number Cost, replacement price Koha item type
    Dewey Decimal Classification   Not For Loan Non-fiction D.B.Act.Division D.B.Act.Division 06/10/2008 DBAD / PUB 395.00   658.4092 HUG EN-74671 06/10/2008 1 395.00 English Books

© Delhi Public Library
Hit Counter
free hit counter